000 00581cam a22002171 4500
001 sa 68015772
003 DLC
005 20260227112646.0
008 940527s1968 ii 000 0 sino
010 _asa 68015772
025 _aPL480:C-479
035 _a(OCoLC)30507546
040 _aDLC
_cCU
_dCU
_dDLC
050 0 0 _aJQ652
_b.P47
100 1 _aPerera, B. C.
_q(Bulathsinhalage Cyril),
_d1938-
245 1 0 _aLaṅkā āṇḍu krama vikāśanaya.
260 _c[1968]
300 _a192 p.
_c18 cm.
500 _aIn Sinhalese.
650 0 _aConstitutional history
_zSri Lanka.
999 _c86674
_d86674